Влияние формы и длительности внешнего импульса на динамику перераспределения материала между тонкой пленкой и подложкой; Иерархические материалы: разработка и приложения для новых технологий и надежных конструкций

Detaylı Bibliyografya
Parent link:Иерархические материалы: разработка и приложения для новых технологий и надежных конструкций.— 2019.— [С. 185-186]
Yazar: Парфёнова Е. С.
Müşterek Yazar: Национальный исследовательский Томский политехнический университет Инженерная школа новых производственных технологий Отделение материаловедения
Diğer Yazarlar: Князева А. Г. Анна Георгиевна
Özet:Заглавие с экрана
Режим доступа: по договору с организацией-держателем ресурса
Dil:Rusça
Baskı/Yayın Bilgisi: 2019
Seri Bilgileri:Проблемы компьютерного конструирования материалов с иерархической структурой
Konular:
Online Erişim:https://elibrary.ru/item.asp?id=41206985
Materyal Türü: MixedMaterials Elektronik Kitap Bölümü
KOHA link:https://koha.lib.tpu.ru/cgi-bin/koha/opac-detail.pl?biblionumber=661053

MARC

LEADER 00000nla2a2200000 4500
001 661053
005 20240214154710.0
035 |a (RuTPU)RU\TPU\network\31276 
035 |a RU\TPU\network\31274 
090 |a 661053 
100 |a 20191119a2019 k y0rusy50 ca 
101 0 |a rus 
102 |a RU 
105 |a y z 100zy 
135 |a drgn ---uucaa 
181 0 |a i  
182 0 |a b 
200 1 |a Влияние формы и длительности внешнего импульса на динамику перераспределения материала между тонкой пленкой и подложкой  |f Е. С. Парфёнова, А. Г. Князева 
203 |a Текст  |c электронный 
225 1 |a Проблемы компьютерного конструирования материалов с иерархической структурой 
300 |a Заглавие с экрана 
320 |a [Библиогр.: с. 186 (5 назв.)] 
333 |a Режим доступа: по договору с организацией-держателем ресурса 
463 0 |0 (RuTPU)RU\TPU\network\31158  |t Иерархические материалы: разработка и приложения для новых технологий и надежных конструкций  |o международный междисциплинарный симпозиум, 1-5 октября 2019 г., Томск, Россия  |o тезисы докладов International Workshop "Multiscale Biomechanics and Tribology of Inorganic and Organic Systems"  |o тезисы докладов международной конференции "Перспективные материалы с иерархической структурой для новых технологий и надежных конструкций"  |o тезисы докладов международной конференции "Химия нефти и газа: добыча, подготовка, транспорт нефти и газа"  |f Российская академия наук (РАН), Сибирское отделение (СО), Институт физики прочности и материаловедения (ИФПМ) ; Институт химии нефти (ИХН)  |v [С. 185-186]  |d 2019 
610 1 |a электронный ресурс 
610 1 |a труды учёных ТПУ 
610 1 |a формы 
610 1 |a длительность 
610 1 |a внешние импульсы 
610 1 |a динамика 
610 1 |a перераспределение 
610 1 |a тонкие пленки 
610 1 |a подложки 
610 1 |a математические модели 
610 1 |a деформации 
700 1 |a Парфёнова  |b Е. С. 
701 1 |a Князева  |b А. Г.  |c российский физик  |c профессор Томского политехнического университета, доктор физико-математических наук  |f 1962-  |g Анна Георгиевна  |3 (RuTPU)RU\TPU\pers\25578  |9 11508 
712 0 2 |a Национальный исследовательский Томский политехнический университет  |b Инженерная школа новых производственных технологий  |b Отделение материаловедения  |3 (RuTPU)RU\TPU\col\23508 
801 2 |a RU  |b 63413507  |c 20191126  |g RCR 
856 4 |u https://elibrary.ru/item.asp?id=41206985 
942 |c CF